| 000 | | | 05611cbc2a2200241#x 450 |
| 001 | | | 2674e89d-86ac-4979-8ed0-893d3b8a2c02 |
| 005 | | | 20241223113123.0 |
| 100 | ## | $a | 20200320l19111912k l0rusy0189 ca |
| 101 | 0# | $a | rus |
| 102 | ## | $a | RU |
| 105 | ## | $a | y### |
| 122 | 2# | $a | d19110531## |
| | $a | d19120530## |
| 200 | 1# | $a | Дело о принятии Коркулевской земской начальной школы в Стрельне под августейшее покровительство Его Императорского Высочества великого князя Николая Михайловича |
| | $j | 31 мая 1911 г. - 30 мая 1912 г. |
| 215 | ## | $a | 11 листов |
| | $d | 36,5х26 см |
| 251 | ## | $c | Дело |
| 300 | ## | $a | Машинописный текст, с рукописными пометами. Рукописный текст. Чернила |
| 371 | ## | $a | Документ не является опубликованным и широко распространяемым |
| 461 | #0 | $1 | 001a74412a3-3cc5-4d21-8f0a-dfe2fbd9e72d |
| | $1 | 2001 |
| | $a | Департамент народного просвещения Министерства народного просвещения |
| | $1 | 251 |
| | $c | Фонд |
| | $1 | 852 |
| | $j | 733 |
| 462 | #0 | $1 | 001517877e8-43f4-46e7-ad4b-d876aad86188 |
| | $1 | 2001 |
| | $a | 1911 г. |
| | $v | Д. 209 |
| | $1 | 251 |
| | $c | Опись |
| | $1 | 852 |
| | $j | 178 |
| 801 | #0 | $a | RU |
| | $b | РГИА |
| | $c | 20200320 |
| 801 | #1 | $a | RU |
| | $b | ГлавНИВЦ |
| | $c | 20200320 |
| | $2 | rusmarc |
| 801 | #2 | $a | RU |
| | $b | ПБ им. Б.Н. Ельцина |
| | $c | 20201016 |
| | $g | RCR |
| | $2 | rusmarc |
| 850 | ## | $a | Федеральное казенное учреждение "Российский государственный исторический архив" |
| 852 | ## | $a | РГИА |
| | $j | 209 |
| 937 | ## | $h | РГИА |
| | $d | 12339776 |
| | $a | ASBIBLIO_SCAN |
| 035 | ## | $a | RusGRCC00002939 |
| 856 | ## | $u | http://readingroom.main.prlib.ru/item.aspx?id_node=n148755081&mode=full |
| 605 | ## | $2 | acquisition_Prlib |
| | $3 | LIBNET\UAF\0000008152 |
| | $a | Дом Романовых |
| | $l | коллекция |
| 605 | ## | $2 | acquisition_Prlib |
| | $3 | DITM\AF\0000002775 |
| | $a | Власть |
| | $l | коллекция |
| 600 | #0 | $2 | prlib_sh |
| | $3 | DITM\AF\0000001665 |
| | $a | Николай Михайлович |
| | $c | великий князь |
| | $f | 1859–1919 |
| | $j | Архивные дела |
| 602 | ## | $2 | nlr_sh |
| | $3 | RU\NLR\AUTH\661238026 |
| | $a | Романовы (семья) |
| | $j | Архивные дела |
| 606 | 1# | $2 | nlr_sh |
| | $3 | RU\NLR\AUTH\6601566188 |
| | $a | Среднее образование |
| | $j | Архивные дела |
| | $x | История |
| | $y | Стрельна, поселок городского типа (Санкт-Петербург, город) |
| 686 | ## | $2 | rubbk |
| | $a | 63.3(2)53-8ю1 |
| | $v | LBC/M |
| 686 | ## | $2 | rubbk |
| | $a | 63.214(2)ю1 |
| | $v | LBC/M |
| 686 | ## | $2 | rubbk |
| | $a | 74.03(2-2СПб)5ю1 |
| | $v | LBC/M |